000 01016nam a2200265 i 4500
001 16011
003 ES-MaACL
005 20230906151227.0
007 t|
008 000601s1989 sp ||||1| spa d
020 _a84-7846-009-8
080 _a008(460.187)"14/18"
080 _a394.2(460.187)"14/18"
100 1 _aFlor, Fernando R. de la.
_951231
245 1 0 _aAtenas castellana
_b: ensayos sobre cultura simbólica y fiestas en la Salamanca del Antiguo Régimen /
_cFernando R. de la Flor.
260 _a[Valladolid] :
_bJunta de Castilla y León, Consejería de Cultura y Bienestar Social,
_c1989.
300 _a213 p., [218] p., [1] h. pleg. :
_bil. ;
_c25 cm.
490 1 _aEstudios de arte ;
_v4
651 4 _aSalamanca-
_xFiestas-
_yS.XV-XIX.
_99352
651 4 _aSalamanca-
_xCultura-
_yS.XV-XIX.
_99353
710 1 _aCastilla y León.
_bConsejería de Cultura y Bienestar Social.
_92498
830 0 _aEstudios de arte ;
_v4
_9179848
852 _aES-MaACL
_jL-23218
_bR.128298
999 _c16011
_d16011